000 00693nam a2200229 a 4500
008
020 _a0750663561 (pbk.)
049 _aMAIN
090 _aHG4012
_bSWA
100 1 _aSwan, Jonathan
245 0 _aPractical financial modelling :
_ba guide to current practice /
_cJonathan Swan.
260 _aAmsterdam :
_bElsevier,
_c2005
300 _axviii, 173 p. :
_bill. ;
_c24 cm. +
_ecd-rom.
504 _aIncludes bibliographical references.
500 _aIncludes index.
650 1 _aFinancial modelling.
907 _a.b10274510
_b22-03-10
_c02-03-10
003
005 20230123125014.0
040 _cNUST
942 _cBOOKS
_kHG4012
_mSWA
999 _c134041
_d134041